| 000 | 00534nam a2200157 a 4500 | ||
|---|---|---|---|
| 001 | 000029060 | ||
| 005 | 20200930055315.0 | ||
| 008 | 110413s19uu dr 000 0 spa d | ||
| 040 |
_aDO-SdBNP _bspa _cBNPHU |
||
| 082 |
_axxx _bR572p |
||
| 100 | 1 |
_aRijo, Franklin _955965 |
|
| 245 | 1 | 0 |
_aPiso la tierra y cuando salio de ella le profetizo : _bEl cumplimiento de una profecia / _cFranklin Rijo. |
| 260 |
_a[Santo Domingo] : _bImpresora Castillo, _c[19--?]. |
||
| 300 |
_a9 p. ; _c17 cm. |
||
| 500 | _aTestimonio del hermano Santiago Castillo | ||
| 999 |
_c28552 _d28552 |
||